| 000 | 00671nam a2200253 a 4500 | ||
|---|---|---|---|
| 001 | adlib96000001 | ||
| 003 | ViArRB | ||
| 005 | 200902210153555.7 | ||
| 008 | 960221s1955 dcuabcdjdbkoqu001 0deng d | ||
| 020 | _a1-85627-805-0 | ||
| 022 | _a | ||
| 040 | _aAdlib | ||
| 082 | _a292(364) R | ||
| 245 | _aIntroduction to Celtic Mythology | ||
| 250 | _a | ||
| 260 |
_aLondon _bGrange Books _c1996 |
||
| 300 |
_a128 p. _c |
||
| 500 | _a | ||
| 100 |
_aBellingham, David _e |
||
| 700 |
_a _a |
||
| 942 | _cREF | ||
| 653 | _aMythology-Classical Celtic | ||
| 952 |
_w2010-06-16 _p00042638 _r2010-06-16 _40 _00 _bUL _10 _o292(364)R BEL _d2010-06-16 _70 _yREF _aUL |
||
| 999 |
_c23428 _d23427 |
||